[Event "FIDE Women Candidates"]
[Site "Pegeia CYP"]
[Date "2026.03.29"]
[Round "1.2"]
[White "Goryachkina, Aleksandra"]
[Black "Lagno, Kateryna"]
[Result "1/2-1/2"]
[WhiteTitle "GM"]
[BlackTitle "GM"]
[WhiteElo "2534"]
[BlackElo "2508"]
[WhiteFideId "4147103"]
[BlackFideId "14109336"]
[EventDate "2026.03.29"]

1. e4 e5 2. Nf3 Nc6 3. Bb5 a6 4. Ba4 Nf6 5. O-O Be7 6. d3 b5 7. Bb3 O-O 8. Nc3
d6 9. a3 Bg4 10. Be3 Qd7 11. h3 Be6 12. Nd5 Bd8 13. Nxf6+ Bxf6 14. Bxe6 Qxe6 15.
Rc1 d5 16. exd5 Qxd5 17. c4 bxc4 18. Rxc4 Rfd8 19. Qc2 Ne7 20. d4 Ng6 21. Rc5
Qe6 22. Re1 Qd6 23. dxe5 Nxe5 24. Nxe5 Bxe5 25. b4 Re8 26. Rd1 Qf6 27. Rcd5 h6
28. Bd4 Bxd4 29. R5xd4 Rad8 30. Rxd8 Rxd8 31. Re1 Qd6 32. Qc3 Kh7 33. Qc4 Rd7
34. Qe4+ Kg8 35. Qe8+ Kh7 36. Qe4+ Kg8 37. Qe5 Qd3 38. h4 Kh7 39. Qe8 h5 40. Qe5
Qd5 41. Qxd5 Rxd5 42. Rc1 a5 43. Rxc7 axb4 44. axb4 Rd1+ 45. Kh2 Rd4 46. g3 Rxb4
47. Rxf7 Kh6 48. Kg2 Rb3 49. Rd7 Ra3 50. Rd6+ Kh7 51. Kf1 Ra2 52. Ke1 g6 53.
Rd7+ Kh6 54. Rf7 Rb2 55. Kf1 Ra2 56. Kg2 Ra3 57. Re7 Rb3 58. Re3 Rb2 59. Re7 Rb3
60. Rd7 Ra3 61. f3 Ra2+ 62. Kh3 Ra3 63. Rf7 Rb3 64. g4 hxg4+ 65. Kxg4 Rb5 66.
Re7 Ra5 67. Re3 Rb5 68. Re4 Ra5 69. f4 Ra1 70. Re6 Rg1+ 71. Kh3 Rf1 72. Kg3 Kg7
73. Re5 1/2-1/2

[Event "FIDE Women Candidates"]
[Site "Pegeia CYP"]
[Date "2026.03.30"]
[Round "2.1"]
[White "Lagno, Kateryna"]
[Black "Zhu, Jiner"]
[Result "1/2-1/2"]
[WhiteTitle "GM"]
[BlackTitle "GM"]
[WhiteElo "2508"]
[BlackElo "2578"]
[WhiteFideId "14109336"]
[BlackFideId "8608059"]
[EventDate "2026.03.29"]

1. e4 e6 2. d4 d5 3. Nd2 c5 4. Ngf3 cxd4 5. exd5 Qxd5 6. Bc4 Qd6 7. Ne4 Qb4+ 8.
Nfd2 Nf6 9. Nxf6+ gxf6 10. O-O Nc6 11. Re1 Bd7 12. c3 Qb6 13. cxd4 Qxd4 14. Ne4
Be7 15. Qe2 f5 16. Nc3 Qg4 17. f3 Qg7 18. Bf4 Nd4 19. Qf2 Nxf3+ 20. Qxf3 Qd4+
21. Kh1 Qxc4 22. Qg3 Bc6 23. Rad1 Bf6 24. h3 h5 25. h4 Rd8 26. Bg5 Bxg5 27. Qxg5
Rc8 28. Rd2 Qb4 29. Rxe6+ fxe6 30. Qg6+ Kf8 31. Qf6+ Kg8 32. Qg6+ Kf8 33. Qf6+
Kg8 34. Qg6+ Kf8 1/2-1/2

[Event "FIDE Women Candidates"]
[Site "Pegeia CYP"]
[Date "2026.03.30"]
[Round "2.2"]
[White "Muzychuk, Anna"]
[Black "Tan, Zhongyi"]
[Result "1/2-1/2"]
[WhiteTitle "GM"]
[BlackTitle "GM"]
[WhiteElo "2522"]
[BlackElo "2535"]
[WhiteFideId "14111330"]
[BlackFideId "8603642"]
[EventDate "2026.03.29"]

1. e4 e5 2. Nf3 Nf6 3. Nxe5 d6 4. Nf3 Nxe4 5. d4 d5 6. Bd3 Be7 7. O-O Nc6 8. Nc3
Bf5 9. Re1 Nxc3 10. bxc3 Bxd3 11. Qxd3 O-O 12. Rb1 b6 13. c4 Re8 14. Bd2 Qd7 15.
cxd5 Qxd5 16. c4 Qd7 17. d5 Bf6 18. h3 Ne5 19. Nxe5 Bxe5 20. Re4 Re7 21. Rbe1
Rae8 22. Bb4 Bd6 23. Bc3 Rxe4 24. Rxe4 Rxe4 25. Qxe4 h6 26. g4 Qa4 27. Kg2 Qa3
28. Qe8+ Kh7 29. Qe4+ Kg8 30. Qe8+ Kh7 31. Qe4+ Kg8 32. Qe8+ Kh7 1/2-1/2

[Event "FIDE Women Candidates"]
[Site "Pegeia CYP"]
[Date "2026.03.30"]
[Round "2.3"]
[White "Divya, Deshmukh"]
[Black "Vaishali, Rameshbabu"]
[Result "1/2-1/2"]
[WhiteTitle "GM"]
[BlackTitle "GM"]
[WhiteElo "2497"]
[BlackElo "2470"]
[WhiteFideId "35006916"]
[BlackFideId "5091756"]
[EventDate "2026.03.29"]

1. c4 e6 2. Nc3 d5 3. d4 h6 4. cxd5 exd5 5. Bf4 c6 6. e3 Bd6 7. Bxd6 Qxd6 8. Bd3
Ne7 9. Qc2 O-O 10. Nf3 Nd7 11. O-O Nf6 12. h3 g6 13. Rab1 a5 14. Na4 Bf5 15. Nc5
Qc7 16. Rfc1 Nd7 17. Na4 Rfe8 18. Nc3 Qd6 19. Ne2 Qf6 20. Nf4 Bxd3 21. Nxd3 Nf5
22. b4 Nd6 23. a4 Qe7 24. bxa5 Rxa5 25. Rb4 Rea8 26. Rcb1 R8a7 27. Qb3 Qd8 28.
Nfe5 Kg7 29. Qd1 Qe7 30. Qb3 Qd8 31. Qd1 Qe7 32. Nxd7 Qxd7 33. Nc5 Qc8 34. Qf3
Ne4 35. Rxb7 Rxb7 36. Rxb7 Ng5 37. Qg3 Rxc5 38. Qe5+ Kh7 39. Rb8 Rc1+ 40. Kh2
Qxh3+ 41. gxh3 Nf3+ 42. Kg2 Nxe5 43. dxe5 Ra1 44. Ra8 1/2-1/2

[Event "FIDE Women Candidates"]
[Site "Pegeia CYP"]
[Date "2026.03.30"]
[Round "2.4"]
[White "Assaubayeva, Bibisara"]
[Black "Goryachkina, Aleksandra"]
[Result "1/2-1/2"]
[WhiteTitle "GM"]
[BlackTitle "GM"]
[WhiteElo "2516"]
[BlackElo "2534"]
[WhiteFideId "13708694"]
[BlackFideId "4147103"]
[EventDate "2026.03.29"]

1. d4 Nf6 2. c4 e6 3. Nf3 d5 4. Nc3 c5 5. cxd5 cxd4 6. Qa4+ Bd7 7. Qxd4 exd5 8.
Nxd5 Qa5+ 9. Nc3 Nc6 10. Qd1 Ne4 11. Bd2 Nxd2 12. Nxd2 Bb4 13. Rc1 Bxc3 14. Rxc3
Qxa2 15. Nc4 Be6 16. e4 Rd8 17. Nd6+ Kf8 18. Qd2 Qa1+ 19. Rc1 Qa4 20. Be2 f6 21.
f4 Ke7 22. e5 Qd4 23. Qxd4 Nxd4 24. Nxb7 Rc8 25. Nc5 fxe5 26. fxe5 Rc6 27. Kf2
Nxe2 28. Kxe2 Rhc8 29. Nd3 Rc2+ 30. Rxc2 Rxc2+ 31. Ke3 Bc4 32. g3 Bxd3 33. Kxd3
Rxb2 34. Ra1 Ke6 35. Rxa7 Kxe5 36. Rxg7 Rxh2 37. Ke3 Kf6 38. Ra7 Rh1 39. Kf3 Kg6
40. Ra6+ Kg7 1/2-1/2

[Event "FIDE Women Candidates"]
[Site "Pegeia CYP"]
[Date "2026.03.31"]
[Round "3.1"]
[White "Goryachkina, Aleksandra"]
[Black "Divya, Deshmukh"]
[Result "1/2-1/2"]
[WhiteTitle "GM"]
[BlackTitle "GM"]
[WhiteElo "2534"]
[BlackElo "2497"]
[WhiteFideId "4147103"]
[BlackFideId "35006916"]
[EventDate "2026.03.29"]

1. e4 c5 2. Nf3 Nc6 3. Bb5 g6 4. Bxc6 bxc6 5. O-O Bg7 6. Re1 Qc7 7. d3 d6 8. e5
dxe5 9. Na3 Nf6 10. Nxe5 Nd5 11. Nac4 O-O 12. Qe2 f6 13. Nf3 e5 14. Be3 Bg4 15.
h3 Nxe3 16. Qxe3 Bxf3 17. Qxf3 Rad8 18. Re2 h5 19. Rae1 Kh7 20. h4 Rd5 21. g3
Rf7 22. Qg2 Rd8 23. b3 Rd5 24. Qf3 Rf8 25. Re3 Bh6 26. Re4 Bg7 27. Qg2 Rf7 28.
Kh1 Rd4 29. a4 Bf8 30. Nd2 Bh6 31. Nf3 Rxe4 32. Rxe4 Qd7 33. Kg1 Qd5 34. Rc4 Rb7
35. Nh2 Qd6 36. Qe4 Bf8 37. Qe3 Rd7 38. Nf3 Qd5 39. Kh2 Bh6 40. Qe2 Rd8 41. Nd2
Bxd2 42. Qxd2 e4 43. Qa5 exd3 44. cxd3 Rd7 45. Qxc5 Qxc5 46. Rxc5 Rxd3 47. Rxc6
f5 48. Rc7+ Kh6 49. Rb7 a5 50. Kg2 Rc3 51. Kf1 Rc1+ 52. Ke2 Rc3 53. f3 Rc2+ 54.
Ke3 Rc3+ 55. Kf4 Rd3 56. Rb5 Rc3 57. Rxa5 Rxb3 58. Ra8 Rb4+ 59. Ke5 Rb3 60. Kf6
Kh7 61. Ra7+ Kh6 62. Kf7 Kh7 63. Kf8+ Kh8 64. Ra6 Kh7 65. Kf7 Rxf3 66. Rxg6 f4
67. Rf6 Rxg3 68. Rxf4 Rg4 69. Rf5 Rxh4 70. a5 Kh6 71. Kf6 Ra4 72. Rb5 h4 73. Kf5
h3 74. Rb3 Rxa5+ 75. Kg4 h2 76. Rh3+ Kg6 77. Rxh2 Ra4+ 78. Kg3 Ra3+ 79. Kg2 Ra2+
80. Kg3 Rxh2 81. Kxh2 1/2-1/2

[Event "FIDE Women Candidates"]
[Site "Pegeia CYP"]
[Date "2026.03.31"]
[Round "3.2"]
[White "Vaishali, Rameshbabu"]
[Black "Muzychuk, Anna"]
[Result "1/2-1/2"]
[WhiteTitle "GM"]
[BlackTitle "GM"]
[WhiteElo "2470"]
[BlackElo "2522"]
[WhiteFideId "5091756"]
[BlackFideId "14111330"]
[EventDate "2026.03.29"]

1. e4 e5 2. Nf3 Nc6 3. Bc4 Nf6 4. d3 Be7 5. Nc3 d6 6. a3 O-O 7. Ba2 Be6 8. Nd5
Nd4 9. Nxd4 exd4 10. Nxe7+ Qxe7 11. O-O Bxa2 12. Rxa2 d5 13. f3 Nd7 14. Ra1 c5
15. Bf4 dxe4 16. fxe4 f6 17. Bg3 Ne5 18. Qd2 Rac8 19. Rf5 Rc6 20. Raf1 Re6 21.
h3 Rc8 22. Qa5 b6 23. Qb5 h6 24. a4 c4 25. Bxe5 Rxe5 26. Rxe5 Qxe5 27. Qd7 Qc7
28. Qd5+ Kh8 29. Qxd4 cxd3 30. cxd3 Qg3 31. e5 fxe5 32. Qe4 Rd8 33. Rf3 Qg5 34.
Kh2 Qe7 35. Re3 Qc7 36. Qxe5 Qxe5+ 37. Rxe5 Rxd3 38. a5 bxa5 39. Rxa5 Rb3 40.
Rxa7 Rxb2 41. Ra8+ 1/2-1/2

[Event "FIDE Women Candidates"]
[Site "Pegeia CYP"]
[Date "2026.03.31"]
[Round "3.3"]
[White "Zhu, Jiner"]
[Black "Assaubayeva, Bibisara"]
[Result "0-1"]
[WhiteTitle "GM"]
[BlackTitle "GM"]
[WhiteElo "2578"]
[BlackElo "2516"]
[WhiteFideId "8608059"]
[BlackFideId "13708694"]
[EventDate "2026.03.29"]

1. e4 c5 2. Nf3 Nc6 3. Bb5 d6 4. O-O Bd7 5. Re1 Nf6 6. h3 a6 7. Bf1 Rg8 8. d3 h6
9. b4 cxb4 10. a3 b3 11. Nbd2 g5 12. d4 g4 13. hxg4 Bxg4 14. Bb2 d5 15. c4 dxe4
16. Nxe4 Nxe4 17. Rxe4 Bf5 18. Re3 Bc2 19. Qc1 Rc8 20. d5 Na5 21. Nd2 Rg4 22.
Be5 h5 23. Qb2 Bh6 24. Rae1 Bxe3 25. Rxe3 Nxc4 26. Nxc4 Rcxc4 27. Bxc4 Rxc4 28.
d6 e6 29. Bh2 Qg5 30. Be5 Be4 31. f4 Rc1+ 32. Kh2 Qh4+ 33. Rh3 Rh1+ 34. Kxh1
Qxh3+ 35. Kg1 Qe3+ 36. Qf2 Qxf2+ 37. Kxf2 h4 38. g4 b5 39. Kg1 h3 40. Kh2 Bg2
41. Kg3 a5 42. Kh2 Kd7 43. Kg3 a4 0-1

[Event "FIDE Women Candidates"]
[Site "Pegeia CYP"]
[Date "2026.03.31"]
[Round "3.4"]
[White "Tan, Zhongyi"]
[Black "Lagno, Kateryna"]
[Result "0-1"]
[WhiteTitle "GM"]
[BlackTitle "GM"]
[WhiteElo "2535"]
[BlackElo "2508"]
[WhiteFideId "8603642"]
[BlackFideId "14109336"]
[EventDate "2026.03.29"]

1. e4 e5 2. Nf3 Nc6 3. Bc4 Bc5 4. c3 d6 5. d4 exd4 6. cxd4 Bb6 7. Nc3 Nf6 8. Qd3
O-O 9. Bg5 h6 10. Bh4 Nb4 11. Qd2 d5 12. exd5 Re8+ 13. Kf1 c6 14. dxc6 bxc6 15.
Rd1 Ba6 16. Bxa6 Nxa6 17. g4 Nc7 18. Rg1 Ncd5 19. g5 Nh5 20. Rg4 Qd7 21. h3 Qf5
22. Qd3 Ne3+ 23. fxe3 Qxf3+ 24. Bf2 Qxh3+ 25. Rg2 hxg5 26. Kg1 Bc7 27. Ne4 f6
28. Rc1 Kh8 29. Nc5 Rad8 30. Qb3 Re7 31. Na6 Qf3 32. Nb4 Rd6 33. d5 cxd5 34. Nc6
Rf7 35. Nd4 Qe4 36. Rxc7 Rxc7 37. Qb8+ Kh7 38. Qxc7 Rb6 39. b3 Qb1+ 40. Kh2 f5
41. Qf7 Rf6 42. Qxd5 Nf4 43. exf4 Rh6+ 44. Kg3 Qd3+ 45. Qf3 g4 46. Rh2 gxf3 47.
Rxh6+ gxh6 48. Nxf3 a6 49. Bd4 Qc2 50. b4 Qxa2 51. Bc3 Qb3 52. Be1 Kg6 53. Kg2
Kf7 54. Nh4 Qe3 0-1

[Event "FIDE Women Candidates"]
[Site "Pegeia CYP"]
[Date "2026.04.01"]
[Round "4.1"]
[White "Muzychuk, Anna"]
[Black "Lagno, Kateryna"]
[Result "1-0"]
[WhiteTitle "GM"]
[BlackTitle "GM"]
[WhiteElo "2522"]
[BlackElo "2508"]
[WhiteFideId "14111330"]
[BlackFideId "14109336"]
[EventDate "2026.03.29"]

1. e4 e5 2. Nf3 Nc6 3. Bb5 a6 4. Ba4 Nf6 5. O-O Be7 6. Bxc6 dxc6 7. d3 Qd6 8. a4
Be6 9. Na3 h6 10. Nd2 O-O-O 11. Ndc4 Bxc4 12. Nxc4 Qe6 13. Qe2 Nd7 14. Bd2 b6
15. b4 Kb7 16. Rfb1 Ra8 17. Qe1 h5 18. b5 cxb5 19. axb5 a5 20. Bxa5 bxa5 21.
Nxa5+ Kc8 22. Nc6 Rxa1 23. Rxa1 Nb6 24. Qe3 Bd6 25. c4 Qh6 26. Qh3+ Qe6 27. Qe3
Qh6 28. d4 exd4 29. Qxd4 Kb7 30. c5 Ra8 31. cxd6 Qxd6 32. Rxa8 1-0

[Event "FIDE Women Candidates"]
[Site "Pegeia CYP"]
[Date "2026.04.01"]
[Round "4.2"]
[White "Assaubayeva, Bibisara"]
[Black "Tan, Zhongyi"]
[Result "1/2-1/2"]
[WhiteTitle "GM"]
[BlackTitle "GM"]
[WhiteElo "2516"]
[BlackElo "2535"]
[WhiteFideId "13708694"]
[BlackFideId "8603642"]
[EventDate "2026.03.29"]

1. d4 d5 2. c4 e6 3. Nf3 c5 4. cxd5 exd5 5. g3 Nf6 6. Bg2 Be7 7. O-O O-O 8. Nc3
Nc6 9. Bg5 c4 10. Rc1 h6 11. Bxf6 Bxf6 12. b3 cxb3 13. Qxb3 Bxd4 14. Nxd4 Nxd4
15. Qa4 Nc6 16. Nxd5 Be6 17. Rfd1 Rc8 18. e3 Qe8 19. Qb5 Bg4 20. Re1 Ne5 21.
Qxb7 Rb8 22. Qxa7 Nd3 23. Qd4 Bf5 24. Rb1 Nxe1 25. Rxb8 Qxb8 26. Ne7+ Kh8 27.
Nxf5 Nf3+ 28. Bxf3 Qb1+ 29. Kg2 Qxf5 30. a4 Qa5 31. Qd7 f5 32. h4 Rd8 33. Qe7
Rc8 34. Qe6 Rf8 35. Qd7 Rd8 36. Qe7 Rc8 37. Qf7 Rd8 38. h5 Qxa4 39. Qxf5 Qd7 40.
Qg6 Qd6 41. Be4 Qxg6 42. Bxg6 Kg8 43. f4 Kf8 44. Kf3 Ke7 45. g4 Kf6 46. Be4 1/2-1/2

[Event "FIDE Women Candidates"]
[Site "Pegeia CYP"]
[Date "2026.04.01"]
[Round "4.3"]
[White "Vaishali, Rameshbabu"]
[Black "Goryachkina, Aleksandra"]
[Result "1/2-1/2"]
[WhiteTitle "GM"]
[BlackTitle "GM"]
[WhiteElo "2470"]
[BlackElo "2534"]
[WhiteFideId "5091756"]
[BlackFideId "4147103"]
[EventDate "2026.03.29"]

1. e4 e5 2. Nf3 Nc6 3. Bc4 Nf6 4. d3 h6 5. a4 Bc5 6. Be3 Bxe3 7. fxe3 d6 8. O-O
Be6 9. Bxe6 fxe6 10. a5 O-O 11. a6 b5 12. Qe1 Rb8 13. Qc3 Rb6 14. b4 Qe7 15.
Nbd2 d5 16. Rfb1 Qd6 17. h3 d4 18. exd4 Nxd4 19. Qc5 Nd7 20. Qxd6 cxd6 21. c4
Ne2+ 22. Kh2 Rc8 23. Ra5 Nf4 24. Rb3 Ne2 25. Rb1 Nf4 26. Rb3 Ne2 27. Rb1 Nf4 1/2-1/2

[Event "FIDE Women Candidates"]
[Site "Pegeia CYP"]
[Date "2026.04.01"]
[Round "4.4"]
[White "Divya, Deshmukh"]
[Black "Zhu, Jiner"]
[Result "0-1"]
[WhiteTitle "GM"]
[BlackTitle "GM"]
[WhiteElo "2497"]
[BlackElo "2578"]
[WhiteFideId "35006916"]
[BlackFideId "8608059"]
[EventDate "2026.03.29"]

1. c4 e5 2. Nc3 Bb4 3. Nd5 a5 4. Nf3 d6 5. a3 Bc5 6. e3 Nf6 7. d4 Nxd5 8. cxd5
exd4 9. exd4 Bb6 10. Bg5 f6 11. Be3 O-O 12. h4 f5 13. g3 Qe8 14. Bd3 Nd7 15. O-O
h6 16. Ne1 Nf6 17. Ng2 Nxd5 18. Bc4 Be6 19. Re1 Qf7 20. Bd2 c6 21. Qb3 Kh7 22.
a4 Bxd4 23. Re2 Be5 24. Rae1 Nf4 25. gxf4 Bxc4 26. Qg3 Bf6 27. Re3 d5 28. Qh3 d4
29. Rg3 Qh5 30. b4 axb4 31. Bxb4 Rfe8 32. Rc1 Bd5 33. Ne1 Rxa4 34. Bd6 Kh8 35.
Be5 Bxe5 36. fxe5 d3 0-1

[Event "FIDE Women Candidates"]
[Site "Pegeia CYP"]
[Date "2026.04.03"]
[Round "5.1"]
[White "Lagno, Kateryna"]
[Black "Assaubayeva, Bibisara"]
[Result "1-0"]
[WhiteTitle "GM"]
[BlackTitle "GM"]
[WhiteElo "2508"]
[BlackElo "2516"]
[WhiteFideId "14109336"]
[BlackFideId "13708694"]
[EventDate "2026.03.29"]

1. e4 c5 2. Nf3 Nc6 3. Nc3 g6 4. d4 cxd4 5. Nxd4 Bg7 6. Be3 Nf6 7. Nb3 O-O 8.
Qd2 d6 9. f3 a5 10. a4 Nb4 11. O-O-O Bd7 12. Kb1 Rc8 13. h4 Nh5 14. Bd4 e5 15.
Bf2 d5 16. exd5 Bf5 17. Na1 Nf6 18. g4 Rxc3 19. Qxc3 Nfxd5 20. Qd2 Be6 21. Nb3
Qf6 22. Be2 Rc8 23. c3 Nc6 24. Nc5 Nf4 25. Nxe6 Nxe2 26. Qxe2 Qxe6 27. Qe4 Qb3
28. Rd7 b5 29. axb5 Qxb5 30. Qd5 Qxd5 31. Rxd5 f5 32. gxf5 Ne7 33. Rd7 Nxf5 34.
h5 a4 35. hxg6 hxg6 36. Rg1 a3 37. Rxg6 axb2 38. Kxb2 Kh7 39. Rf6 Nh6 40. Be3 1-0

[Event "FIDE Women Candidates"]
[Site "Pegeia CYP"]
[Date "2026.04.03"]
[Round "5.2"]
[White "Goryachkina, Aleksandra"]
[Black "Muzychuk, Anna"]
[Result "1/2-1/2"]
[WhiteTitle "GM"]
[BlackTitle "GM"]
[WhiteElo "2534"]
[BlackElo "2522"]
[WhiteFideId "4147103"]
[BlackFideId "14111330"]
[EventDate "2026.03.29"]

1. e4 c5 2. Nf3 Nc6 3. Bb5 g6 4. Bxc6 bxc6 5. O-O Bg7 6. Re1 e5 7. c3 Ne7 8. d4
cxd4 9. cxd4 exd4 10. Nxd4 O-O 11. Nc3 Rb8 12. Nb3 d5 13. exd5 Nxd5 14. Nxd5
Qxd5 15. Qxd5 cxd5 16. Bf4 Rb6 17. Be5 Be6 18. Bxg7 Kxg7 19. Rad1 d4 20. Rxd4
Bxb3 21. axb3 Rxb3 22. Ra4 Rxb2 23. Rxa7 Re8 24. Raa1 Rd8 25. Rab1 Ra2 26. Ra1
Rb2 27. Rab1 Ra2 28. Ra1 Rb2 29. Rab1 1/2-1/2

[Event "FIDE Women Candidates"]
[Site "Pegeia CYP"]
[Date "2026.04.03"]
[Round "5.3"]
[White "Zhu, Jiner"]
[Black "Vaishali, Rameshbabu"]
[Result "1-0"]
[WhiteTitle "GM"]
[BlackTitle "GM"]
[WhiteElo "2578"]
[BlackElo "2470"]
[WhiteFideId "8608059"]
[BlackFideId "5091756"]
[EventDate "2026.03.29"]

1. e4 e5 2. Nf3 Nc6 3. Bc4 Nf6 4. d3 h6 5. O-O d6 6. a4 g6 7. a5 Bg7 8. a6 b6 9.
Bb5 Bd7 10. c4 O-O 11. Nc3 Nd4 12. Nxd4 exd4 13. Bxd7 Nxd7 14. Ne2 c6 15. f4 f5
16. Ng3 Nc5 17. b4 Ne6 18. Bd2 Qd7 19. h4 d5 20. cxd5 cxd5 21. e5 h5 22. Ne2 Qb5
23. Ra3 Rfc8 24. Qa1 Rc2 25. Rd1 Kf7 26. Nxd4 Nxd4 27. Qxd4 Ke6 28. Rc3 Rc8 29.
Rxc8 Rxc8 30. Qe3 Bf8 31. Qg3 Qe8 32. b5 Be7 33. Rb1 Rc2 34. Be3 Rc3 35. Bd4 Rc2
36. Kh2 Bd8 37. Ra1 Qf7 38. Be3 Qe8 39. Kh3 Qf7 40. Bc1 Be7 41. Ba3 Bxa3 42.
Rxa3 Rc8 43. Qg5 Kd7 44. d4 Rg8 45. Rc3 Re8 46. Kh2 Re6 47. Qg3 Kd8 48. Qe1 Qe7
49. Kh3 Qe8 50. Qc1 Qd7 51. Qc2 Re7 52. Qb3 Re6 53. Qb4 Ke8 54. Rc2 Qd8 55. Qc3
Kd7 56. Rc1 Qb8 57. Qb3 Qa8 58. Kg3 Ke8 59. Rc7 Re7 60. Rc6 Rd7 61. Qc2 Rd8 62.
Rxg6 1-0

[Event "FIDE Women Candidates"]
[Site "Pegeia CYP"]
[Date "2026.04.03"]
[Round "5.4"]
[White "Tan, Zhongyi"]
[Black "Divya, Deshmukh"]
[Result "1/2-1/2"]
[WhiteTitle "GM"]
[BlackTitle "GM"]
[WhiteElo "2535"]
[BlackElo "2497"]
[WhiteFideId "8603642"]
[BlackFideId "35006916"]
[EventDate "2026.03.29"]

1. d4 d5 2. c4 e6 3. Nf3 Nf6 4. cxd5 exd5 5. Nc3 c6 6. Bf4 Nh5 7. Bg5 Be7 8.
Bxe7 Qxe7 9. h3 g6 10. e3 Nd7 11. Be2 Ng7 12. Qb1 a5 13. O-O O-O 14. a3 Nb6 15.
b4 Bf5 16. Qb3 axb4 17. axb4 Rfc8 18. Ra5 Ne8 19. Rfa1 Rab8 20. Ra7 Nd6 21. Ne5
Nd7 22. Ng4 Kg7 23. b5 h5 24. Nh2 Ne4 25. Nf3 Nxc3 26. Qxc3 cxb5 27. Qb3 Nf6 28.
Bxb5 Rc7 29. Ne5 Be6 30. Bd3 Ne8 31. Be2 Nd6 32. Nd3 Ne4 33. Qb6 Rbc8 34. Bf1 g5
35. Ra8 Rc6 36. Qb5 g4 37. hxg4 hxg4 38. Rxc8 Rxc8 39. Nf4 g3 40. Nh5+ Kh6 41.
Nxg3 Nxg3 42. fxg3 Qg5 43. Qe2 Qxg3 44. Qf3 Qg5 45. Qf4 Rc3 1/2-1/2

[Event "FIDE Women Candidates"]
[Site "Pegeia CYP"]
[Date "2026.04.04"]
[Round "6.1"]
[White "Zhu, Jiner"]
[Black "Muzychuk, Anna"]
[Result "0-1"]
[WhiteTitle "GM"]
[BlackTitle "GM"]
[WhiteElo "2578"]
[BlackElo "2522"]
[WhiteFideId "8608059"]
[BlackFideId "14111330"]
[EventDate "2026.03.29"]

1. e4 e5 2. Nf3 Nc6 3. Bc4 Bc5 4. d3 Nf6 5. Be3 Bxe3 6. fxe3 d6 7. Qd2 a6 8. Bb3
Be6 9. Nc3 Bxb3 10. axb3 d5 11. exd5 Nxd5 12. O-O O-O 13. Ne4 Qe7 14. Ng3 g6 15.
e4 Nf6 16. Kh1 Nd7 17. Ne2 Rad8 18. Rf2 Nc5 19. Nc3 Nb4 20. Raf1 f6 21. h4 Ne6
22. Nh2 Nd4 23. Qd1 f5 24. g3 f4 25. gxf4 Rxf4 26. h5 Ndxc2 27. Rxc2 Rxf1+ 28.
Nxf1 Nxc2 29. Qxc2 Qh4+ 30. Nh2 Rf8 31. Nd1 Qxh5 32. Ne3 c6 33. Qc4+ Kg7 34. Ng4
Qh3 35. Qc1 Qxd3 36. Qe1 Rf4 37. Nf2 Qg3 0-1

[Event "FIDE Women Candidates"]
[Site "Pegeia CYP"]
[Date "2026.04.04"]
[Round "6.2"]
[White "Lagno, Kateryna"]
[Black "Vaishali, Rameshbabu"]
[Result "0-1"]
[WhiteTitle "GM"]
[BlackTitle "GM"]
[WhiteElo "2508"]
[BlackElo "2470"]
[WhiteFideId "14109336"]
[BlackFideId "5091756"]
[EventDate "2026.03.29"]

1. e4 e5 2. Bc4 Nf6 3. Nc3 Nc6 4. d3 Bb4 5. Nf3 h6 6. O-O Bxc3 7. bxc3 O-O 8.
Re1 d6 9. h3 Na5 10. Bb3 c5 11. c4 Nh7 12. c3 f5 13. exf5 Bxf5 14. d4 e4 15. Nh2
b6 16. Qh5 Qf6 17. Be3 Rae8 18. Rad1 Be6 19. Qe2 Qf7 20. d5 Bc8 21. Ba4 Re7 22.
Nf1 h5 23. Nd2 Qf6 24. Rc1 Qh4 25. Bc2 Bf5 26. Nb3 Nb7 27. Bd1 g6 28. a4 Re5 29.
Qd2 Bxh3 30. Bh6 Rf7 31. Re3 Bg4 32. Bc2 Bf3 33. gxf3 exf3 34. Qd3 Rff5 35. Rxf3
Ng5 36. Bxg5 Rxg5+ 37. Rg3 Qh3 38. Qf1 Rxg3+ 39. fxg3 Qxg3+ 40. Qg2 Qe3+ 41. Kh2
Rg5 42. Qh3 Qf4+ 43. Kh1 Rg3 44. Qe6+ Kg7 45. Qe7+ Kh6 46. Be4 Rg5 47. Bg2 Qh4+ 0-1

[Event "FIDE Women Candidates"]
[Site "Pegeia CYP"]
[Date "2026.04.04"]
[Round "6.3"]
[White "Assaubayeva, Bibisara"]
[Black "Divya, Deshmukh"]
[Result "0-1"]
[WhiteTitle "GM"]
[BlackTitle "GM"]
[WhiteElo "2516"]
[BlackElo "2497"]
[WhiteFideId "13708694"]
[BlackFideId "35006916"]
[EventDate "2026.03.29"]

1. d4 d5 2. c4 e6 3. Nf3 Nf6 4. Nc3 c6 5. Bg5 Nbd7 6. e3 Qa5 7. cxd5 Nxd5 8. Rc1
Nxc3 9. bxc3 Ba3 10. Rc2 c5 11. Bd3 cxd4 12. exd4 b6 13. Be4 Rb8 14. Bf4 Bb7 15.
Bxb7 Rxb7 16. Qd3 O-O 17. O-O Rc8 18. c4 Nf8 19. Qe4 Qa6 20. h4 Re7 21. Qd3 Rd7
22. h5 Bd6 23. Bxd6 Rxd6 24. h6 gxh6 25. Ne5 Ng6 26. Qe3 Qb7 27. c5 Rd5 28. c6
Qe7 29. f4 Rc7 30. g3 Qb4 31. Rc4 Qe7 32. Rc2 Qb4 33. Rc4 Qe7 34. Rc2 Qd8 35. f5
Nxe5 36. dxe5 Rd1 37. Rf2 Rxf1+ 38. Rxf1 Qg5 39. Qd3 Rxc6 40. f6 Rc8 41. Rd1 Kh8
42. Kg2 h5 43. Qd2 Qg4 44. Re1 h4 45. Re3 Rg8 46. Qd7 Qf4 0-1

[Event "FIDE Women Candidates"]
[Site "Pegeia CYP"]
[Date "2026.04.04"]
[Round "6.4"]
[White "Tan, Zhongyi"]
[Black "Goryachkina, Aleksandra"]
[Result "1/2-1/2"]
[WhiteTitle "GM"]
[BlackTitle "GM"]
[WhiteElo "2535"]
[BlackElo "2534"]
[WhiteFideId "8603642"]
[BlackFideId "4147103"]
[EventDate "2026.03.29"]

1. e4 e5 2. Nf3 Nc6 3. Bc4 Nf6 4. Ng5 d5 5. exd5 Na5 6. Bb5+ c6 7. dxc6 bxc6 8.
Bd3 Nd5 9. Nf3 Bd6 10. Nc3 Nf4 11. O-O Nxd3 12. cxd3 O-O 13. Ne4 Bc7 14. Qc2 c5
15. Qxc5 Ba6 16. Re1 Bxd3 17. b3 Re8 18. Qc3 Bb6 19. Nc5 Bxc5 20. Qxc5 Rc8 21.
Qe3 Nc6 22. Bb2 f6 23. Rac1 Qd7 24. Rc3 e4 25. Rec1 exf3 26. Qxd3 Nd4 27. Rxc8
Ne2+ 28. Qxe2 fxe2 29. Rxe8+ Qxe8 30. Re1 Qe4 31. Bc3 Qc2 32. f3 Qxa2 33. b4 Qc4
34. g3 Qe6 35. Kf2 Qh3 36. Kg1 h5 37. Rxe2 h4 38. Rg2 Qf5 39. Kf2 Kf7 40. gxh4
Qh3 41. Rg4 Qxh2+ 42. Ke3 a6 43. Rd4 Qg1+ 44. Ke2 Qg2+ 45. Ke3 Qf1 46. Rd7+ Kg6
47. h5+ Kh6 48. Rd5 Qe1+ 49. Kf4 Kh7 50. Ra5 Qe2 51. Rc5 Qh2+ 52. Ke3 Qg1+ 53.
Ke2 Qg2+ 1/2-1/2